Оружие. 2018, № 9/10 (спецвып.): Железные игры, бумажные тигры (Запись № 11844658)

Подробности
000 -МАРКЕР
контрольное поле 01093nam2a2200241 4500
001 - ИДЕНТИФИКАТОР ЗАПИСИ
контрольное поле RU\NLR\BIBL_A\011795464
005 - ИДЕНТИФИКАТОР ВЕРСИИ
контрольное поле 20250626132604.0
035 ## - ДРУГИЕ СИСТЕМНЫЕ НОМЕРА
Идентификатор записи (NLR Aleph) 011795464
100 ## - ДАННЫЕ ОБЩЕЙ ОБРАБОТКИ
Данные общей обработки 20180919d2018 |||y0rusy50 ca
101 0# - ЯЗЫК РЕСУРСА
Язык текста, звукозаписи и т.д. русский
102 ## - СТРАНА ПУБЛИКАЦИИ ИЛИ ПРОИЗВОДСТВА
Страна публикации Российская Федерация
200 1# - ЗАГЛАВИЕ И СВЕДЕНИЯ ОБ ОТВЕТСТВЕННОСТИ
Основное заглавие Железные игры, бумажные тигры
Первые сведения об ответственности Александр Широкорад
210 ## - ПУБЛИКАЦИЯ, РАСПРОСТРАНЕНИЕ И ДР.
Дата издания, распространения и т.д. 2018
Место издания, распространения и т.д. Б. м.
461 #0 - УРОВЕНЬ НАБОРА
Встроенное поле 001RU\NLR\INFOCOMM31\1000086237
-- 2001#$aОружие$fУчредители: Ред. журн. "Техника - молодежи" и ООО "Вост. горизонт"$v2018, № 9/10 (спецвып.)
Системный номер (АБИС) связанной записи 3047974
Место публикации М.
Дата публикации 1994-
Первые сведения об ответственности Учредители: Ред. журн. "Техника - молодежи" и ООО "Вост. горизонт"
Заглавие Оружие
Номер тома 2018, № 9/10 (спецвып.)
606 1# - НАИМЕНОВАНИЕ ТЕМЫ КАК ПРЕДМЕТ
Наименование темы Оружие
Тематический подзаголовок История
Географический подзаголовок СССР
Системный номер авторитетной/нормативной записи 2239222
Идентификатор авторитетной/нормативной записи RU\NLR\AUTH\661343717
686 1# - ИНДЕКСЫ ДРУГИХ КЛАССИФИКАЦИЙ
Индекс Ц9г(2)
700 #1 - ИМЯ ЛИЦА - ПЕРВИЧНАЯ ОТВЕТСТВЕННОСТЬ
Начальный элемент ввода Широкорад
Часть имени, кроме начального элемента ввода А.
Расширение инициалов личного имени Александр
852 ## - МЕСТОНАХОЖДЕНИЕ И ШИФР ХРАНЕНИЯ
Идентификатор организации NLR
Шифр хранения (Call Number) П11/3991
942 ## - ДОПОЛНИТЕЛЬНЫЕ ЭЛЕМЕНТЫ ЗАПИСИ (АБИС)
Тип экземпляра АБИС Выпуск
980 ## - КОЛЛЕКЦИЯ
Название коллекции Национальная библиография
980 ## - КОЛЛЕКЦИЯ
Название коллекции Русская периодика

Нет доступных экземпляров.